Conocimiento y creencia (notice nᵒ 12354)
[ vue normale ]
| 000 -Sello discográfico | |
|---|---|
| campo de control de longitud fija | 01203nam a2200361 4500 |
| 005 - Identificación de versión | |
| campo de control | 20251016083852.0 |
| 010 ## - Número Estándar Internacional de Libros (ISBN) | |
| Número (ISBN) | 843-750-032-X |
| 035 ## - Otros números de control del sistema | |
| Número de control del sistema | 10010 |
| 099 ## - fechas locales | |
| Tipo de ítem Koha | LIBRO |
| 100 ## - Datos de procesamiento general | |
| Datos de procesamiento general | 19930801d1974 m y1spay5003 ba |
| 101 1# - Idioma del recurso | |
| Idioma del texto, banda sonora, etc. | Español; Castellano |
| Idioma de la obra original | Inglés |
| 105 ## - Campo de datos codificados: Material textual, monográfico | |
| Datos codificados de monografía | y 001zy |
| 200 1# - Título y mención de responsabilidad | |
| Título propio | Conocimiento y creencia |
| Designación general del material | texto impreso |
| Otra información del título | lecturas filosóficas de Oxford |
| Primer mención de responsabilidad | A. Phillips Griffiths |
| Declaración de responsabilidad subsiguiente | traducción de Francisco Caracheo |
| -- | editor G.J. Warnock |
| 205 ## - Declaración de edición | |
| Declaración de edición | 1a ed |
| 210 ## - Publicación, distribución, etc. | |
| Lugar de publicación, distribución, etc. | Madrid |
| Nombre del editor, distribuidor, etc. | Fondo de Cultura Económica |
| Fecha de publicación, distribución, etc. | 1974 |
| 215 ## - Descripción física | |
| Designación de material específico y extensión del ítem | 255 p |
| Dimensiones | 17 cm |
| 300 ## - Notas generales | |
| Texto de la nota | Incluye bibliografía |
| 345 ## - Nota de información de adquisición | |
| Fuente de adquisición/dirección de la suscripción [OBSOLETO] | Donación |
| 410 #1 - Series | |
| Título | Breviarios del Fondo de Cultura Económica |
| Número de volumen | 245 |
| 454 #1 - Traducción de | |
| Título | Knowledge and Belief |
| 606 ## - Término temático usado como materia | |
| Elemento de entrada | Conocimiento, Teoría del |
| Número Koha | 1394 |
| 606 ## - Término temático usado como materia | |
| Elemento de entrada | Filosofía inglesa |
| Número Koha | 19029 |
| 700 ## - Nombre personal - Responsabilidad primaria | |
| Elemento de entrada | Griffiths |
| Parte del nombre distinta del elemento de entrada | Phillips Allen |
| Fechas | 1927-2014 |
| Número Koha | 19030 |
| 702 ## - Nombre personal - Responsabilidad secundaria | |
| Elemento de entrada | Caracheo |
| Parte del nombre distinta del elemento de entrada | Francisco |
| Número Koha | 19031 |
| 702 ## - Nombre personal - Responsabilidad secundaria | |
| Elemento de entrada | Warnock |
| Parte del nombre distinta del elemento de entrada | Geoffrey James |
| Fechas | 1923-1995 |
| Número Koha | 9011 |
| 801 #0 - Fuente de origen | |
| Agencia | cm |
| 900 ## - | |
| -- | 1/9160 |
| 900 ## - | |
| -- | 710934820\\010893 |
| 942 ## - ELEMENTOS DE ENTRADA SECUNDARIOS (KOHA) | |
| Tipo de ítem Koha | Livre |
| 996 ## - | |
| -- | MEX |
| -- | 751145101 |
| -- | MMAG |
| -- | 004725 |
| -- | 082.1 B846 V.245 |
| -- | 20210429LIV |
| Estatus retirado | Estado de daño | Estado de pérdida | Fecha de adquisición | Biblioteca de origen | Biblioteca actual | Ubicación en estantería | Código de barras | Precio de reemplazo | Signatura topográfica completa | No para préstamo | Tipo de ítem Koha | Nota pública | Nota no pública |
|---|---|---|---|---|---|---|---|---|---|---|---|---|---|
| 05/08/2025 | Casa México Paris | Casa México Paris | 004725 | 05/08/2025 | 082.1 B846 V.245 | Livre | 20210429LIV | 751145101 |